000 00748nam a2200217Ia 4500
003 GCL
008 140319s9999 xx 000 0 ara d
040 _aGCL /
_cGCL
082 0 4 _a371.91
_bن م
100 1 _aنعيمة حسن احمد
245 1 0 _aمداخل تدريس العلوم لذوى الاحتياجات الخاصة /
_cنعيمة حسن احمد
260 _aالقاهرة :
_bمكتبة زهراء الشرق ،
_c2003
300 _a79 ص ؛
_c24 سم
650 0 4 _aالتدريس
650 0 4 _aالمعوقون - تعليم
650 0 4 _aالصم - تعليم
650 0 4 _aضعاف العقول - تعليم
650 0 4 _aالمكفوفون - تعليم
650 0 4 _aالعلوم - طرق تدريس
942 _2ddc
_cBK
999 _c6325
_d6325